000 00700nam a2200181 a 4500
001 000023244
005 20200930022102.0
008 101130s1983 ag r 000 0 spa d
020 _a950050335
040 _aDO-SdBNP
_bspa
_cBNPHU
082 _axxx
_bI21m
100 1 _aIdyll, C. P.
_947873
245 1 3 _aEl mar contra el hambre :
_bcosechando los oceanos para alimentar un mundo hambriento /
_cC. P. Idyll ; introducción de Melville Bell Grosvenor.
260 _aBuenos Aires, Argentina :
_bCorregidor Alternativas para América,
_c1983.
300 _a214 p. ;
_c20 cm.
534 _aThe sea against hunger. haversting the oceans to feed a hungry world.
700 1 _aBell Grosvenor, Melville
_947874
999 _c22741
_d22741